| 000 | 04780nam a2200421 c 4500 | ||
|---|---|---|---|
| 999 |
_c342351 _d342351 |
||
| 003 | BLK | ||
| 005 | 20250220124412.0 | ||
| 008 | 180911b bul|||||r ||||||| ||bul|| | ||
| 010 | _a001990 | ||
| 040 | _aBLK | ||
| 041 |
_aBUL _cBUL |
||
| 080 | _z308(497.2) | ||
| 100 | 1 |
_eпърви автор _9397987 |
|
| 245 | 1 | 0 |
_aПолувековна България _cред. Евгения Марс |
| 246 |
_a1878 - 1928 : Илюстрован юбилеен албум _bПОЛУВЕКОВНА България |
||
| 260 |
_aСофия _bизд. авт. _c1929 _fАрм. воен.-изд.фонд |
||
| 300 |
_a412 с. : с ил., 6 л _bпортр. _c25 см |
||
| 380 | _a0 | ||
| 490 |
_aЧастна колекция - Академик Михаил Арнаудов _gДарение - Основен фонд |
||
| 500 | _aАвтограф с текст: На г-н Професор М. Арнаудов - Евгения Марс, София, 27. IХ. 929 г.; | ||
| 650 |
_aИстория _9397988 |
||
| 655 |
_aСоциология _9396742 |
||
| 700 | 1 |
_aЕвгения Марс _eРед. _9397989 |
|
| 762 |
_9409507 _m2 _nТекст: На г-н Професор М. Арнаудов – Евгения Марс, София, 27.IХ.929 г. _tАвтограф от Евгения Марс - редактор на книгата _aПослания на времето _bАкад. Михаил Арнаудов - послания и дарствени слова _gАкадемик Михаил Арнаудов е личност със значимо присъствие в българската култура и принос в областта на науката, литературата, фолклора, историята на българското Възраждане, социологията, философията и народопсихологията. Цялото документално и библиотечно наследство на родения в Русе виден учен е национално богатство от изключително значение. Единствено Регионална библиотека „Любен Каравелов“ – Русе притежава колекция от над 1500 книги от личната библиотека на Михаил Арнаудов с автографи, послания и дарствени надписи от български и чужди знакови личности. Зад всеки автограф се крие историята на взаимоотношенията между Академика и неговите съвременници. Тези автографи са неизвестни и неизследвани страници от българското културно наследство. |
||
| 763 | 1 |
_9222222 _aМарс, Евгения _d25.08.1877 – 26.09.1945 _gЕвгения Марс е псевдоним на Евгения Бончева – българска писателка, преводачка и общественичка. Учи в Първа софийска държавна девическа гимназия до 1895 г. Още като ученичка пише, учи сериозно френски и руски. Има намерение да продължи образованието си в Загреб, но бракът ѝ с първия български дипломиран зъболекар, д-р Михаил Елмазов, осуетява плановете ѝ. Издава първата си книга през 1906 г. – сборника с разкази „Из живота“. Следват „Лунна нощ. Разходка из Цариград“, „Божана“, „Магда“, „Белите нарциси“ и др. Книгата ѝ „Извън сянката на Вазов“ излиза чак през 2015 г. Нейна заслуга е появата на енциклопедичния алманах Полувековна България 1878 – 1928“. По нейна идея е учреден Клубът на българските писателки – неправителствена организация, която получава широка подкрепа в обществото, както и материална помощ от държавата. _i409507 _m2 _qЕвгения Марс |
|
| 852 |
_aМА 1242 _bМА |
||
| 942 |
_cKNG _n0 _s1 _02 |
||
| 944 |
_aCR _c1996 _k30546 _lРенета Константинова |
||
| 999 | _d342351 | ||
| 999 | _d342351 | ||
| 999 | _d342351 | ||
| 999 | _d342351 | ||
| 999 | _d342351 | ||
| 999 | _d342351 | ||
| 999 | _d342351 | ||
| 999 | _d342351 | ||
| 999 | _d342351 | ||